<?xml version="1.0" encoding="UTF-8"?>
<record
    xmlns:xsi="http://www.w3.org/2001/XMLSchema-instance"
    xsi:schemaLocation="http://www.loc.gov/MARC21/slim http://www.loc.gov/standards/marcxml/schema/MARC21slim.xsd"
    xmlns="http://www.loc.gov/MARC21/slim">

  <leader>00665nam a2200205Ia 4500</leader>
  <controlfield tag="003">LK-CoDNM</controlfield>
  <controlfield tag="005">20241202130501.0</controlfield>
  <controlfield tag="008">010623t1967    xxu||||| |||| 00| 1 sin d</controlfield>
  <datafield tag="040" ind1=" " ind2=" ">
    <subfield code="a">LK-CoDNM</subfield>
    <subfield code="d">LK-CoDNM</subfield>
    <subfield code="e">LK-CoDNM</subfield>
  </datafield>
  <datafield tag="041" ind1=" " ind2=" ">
    <subfield code="a">sin</subfield>
  </datafield>
  <datafield tag="080" ind1=" " ind2=" ">
    <subfield code="a">294.34 </subfield>
    <subfield code="b">BUD</subfield>
  </datafield>
  <datafield tag="100" ind1=" " ind2=" ">
    <subfield code="a">Dhammarathana Thero, Naravila.</subfield>
  </datafield>
  <datafield tag="245" ind1=" " ind2=" ">
    <subfield code="a">&#xDB6;&#xDD4;&#xDAF;&#xDCA;&#xDB0;&#xDCF;&#xDB1;&#xDD4;&#xDC1;&#xDCF;&#xDC3;&#xDB1;&#xDBA; &#xDC4;&#xDD9;&#xDC0;&#xDAD;&#xDCA; &#xDB6;&#xDDE;&#xDAF;&#xDCA;&#xDB0;&#xDBA;&#xDB1;&#xDCA; &#xDC4;&#xDD2;&#xD9A;&#xDCA;&#xDB8;&#xDD2;&#xDBA;&#xDBA;&#xDD4;&#xDAD;&#xDD4; &#xDB4;&#xDD2;&#xDC5;&#xDD2;&#xDC0;&#xDD9;&#xDC5;</subfield>
  </datafield>
  <datafield tag="246" ind1=" " ind2=" ">
    <subfield code="a">Buddhanusasanaya Hewath Bauddhayan Hikmiyayutu Pilivela</subfield>
  </datafield>
  <datafield tag="260" ind1=" " ind2=" ">
    <subfield code="b">Gunasena &amp; Co.</subfield>
    <subfield code="a">Colombo</subfield>
    <subfield code="c">1967</subfield>
  </datafield>
  <datafield tag="300" ind1=" " ind2=" ">
    <subfield code="b">69p. ; 18 cm</subfield>
  </datafield>
  <datafield tag="650" ind1=" " ind2=" ">
    <subfield code="a">1967</subfield>
  </datafield>
  <datafield tag="650" ind1=" " ind2=" ">
    <subfield code="a">Colombo</subfield>
  </datafield>
  <datafield tag="942" ind1=" " ind2=" ">
    <subfield code="c">BK</subfield>
  </datafield>
  <datafield tag="952" ind1=" " ind2=" ">
    <subfield code="0">0</subfield>
    <subfield code="1">0</subfield>
    <subfield code="4">1</subfield>
    <subfield code="7">0</subfield>
    <subfield code="8">OBC</subfield>
    <subfield code="a">MAIN</subfield>
    <subfield code="b">MAIN</subfield>
    <subfield code="c">REF</subfield>
    <subfield code="d">2024-12-02</subfield>
    <subfield code="l">0</subfield>
    <subfield code="o">294.34  BUD</subfield>
    <subfield code="p">OB9489</subfield>
    <subfield code="r">2024-12-02</subfield>
    <subfield code="w">2024-12-02</subfield>
    <subfield code="y">BK</subfield>
  </datafield>
  <datafield tag="999" ind1=" " ind2=" ">
    <subfield code="c">107402</subfield>
    <subfield code="d">107402</subfield>
  </datafield>
</record>
